| 000 | 01136nam a2200313Ia 4500 | ||
|---|---|---|---|
| 001 | ebr10555122 | ||
| 003 | CaPaEBR | ||
| 006 | m u | ||
| 007 | cr cn||||||||| | ||
| 008 | 120705s2012 enka s 001 0 eng d | ||
| 020 | _z9781908541093 | ||
| 020 | _z9781908541215 | ||
| 040 |
_aCaPaEBR _cCaPaEBR |
||
| 035 | _a(OCoLC)802056961 | ||
| 050 | 1 | 4 |
_aRC931.O67 _bC66 2012eb |
| 100 | 1 |
_aConaghan, Philip _q(Philip G.) |
|
| 245 | 1 | 0 |
_aFast facts _h[electronic resource] : _bosteoarthritis / _cPhilip G. Conaghan, Amanda E. Nelson. |
| 250 | _a2nd ed. | ||
| 260 |
_aOxford : _bHealth Press, _c2012. |
||
| 300 |
_a112 p. : _bill. |
||
| 500 | _aIncludes index. | ||
| 533 |
_aElectronic reproduction. _bPalo Alto, Calif. : _cebrary, _d2011. _nAvailable via World Wide Web. _nAccess may be limited to ebrary affiliated libraries. |
||
| 650 | 0 | _aOsteoarthritis. | |
| 650 | 0 |
_aBones _xDiseases. |
|
| 655 | 7 |
_aElectronic books. _2local |
|
| 700 | 1 | _aNelson, Amanda E. | |
| 710 | 2 | _aebrary, Inc. | |
| 856 | 4 | 0 |
_uhttp://site.ebrary.com/lib/rucke/Doc?id=10555122 _zAn electronic book accessible through the World Wide Web; click to view |
| 999 |
_c198497 _d198497 |
||